Statistiques concernant Drapeaux de pays avec le plus de bleu

Cliquez ici pour prendre le quiz!

Statistiques générales

  • Ce quiz a été pris 3 361 fois
    (3 338 depuis la dernière actualisation)
  • Le résultat moyen est 12 sur 16

Statistiques - réponses

Réponse% Correct
Australie
98%
Suède
97%
Nouvelle-Zélande
95%
Bosnie-Herzégovine
84%
Kazakhstan
84%
Kosovo
83%
Fidji
79%
Somalie
74%
Palaos
72%
Micronésie
70%
Îles Marshall
68%
Nauru
64%
Sainte-Lucie
63%
Tuvalu
63%
Botswana
59%
Cap-Vert
59%

Distribution des résultats

Percentile par nombre de réponses

% des personnes avec chaque résultat

Votre développement - résultats

Vous n’avez pas pris ce quiz depuis la dernière actualisation